banner-ar

المصنف فى علم النفس العصبى الاكلينيكى / (Record no. 64774)

MARC details
000 -الفاتح
حقل البيانات ثابتة الطول 01576nam a22003377a 4500
005 - وقت وتاريخ اخر تعامل مع التسجيلة
رقم الضبط 20240530110750.0
008 - عناصر البيانات ثابتة الطول - معلومات عامة
حقل البيانات ثابتة الطول 181211s2018 ua acl f b 000 0 ara d
017 ## - رقم الايداع القانونى
رقم الايداع القانونى 2017/25733
المصدر ( الهيئة المختصة) مصر. دار الكتب
020 ## - الرقم الدولى المعيارى للكتب
الرقم الدولى المعيارى للكتاب 9789770531754
040 ## - مصدر الفهرسة
وكالة الفهرسة الأصلية EG-CaGPL
وكالة النسخ EG-CaGPL
082 04 - رقم تصنيف ديوى العشرى
رقم الطبعة 21
رقم التصنيف 616.89 /
رقم المادة م م
100 1# - المدخل الرئيسى - إسم شخصى
الإسم الشخصى مورجان، جول اى.
245 12 - بيان العنوان
العنوان المصنف فى علم النفس العصبى الاكلينيكى /
بيان المسئوليه,etc جول اى. مورجان، جوزيف هـ. ريكر ؛ ترجمة ومراجعة وتحرير محمد نجيب احمد الصبوة ؛ ترجمة عماد محجوب ....[وآخ]
250 ## - بيان الطبعة
بيان الطبعة ط.1
260 ## - PUBLICATION, DISTRIBUTION, ETC. (IMPRINT)
تاريخ النشر أو التوزيع 2018.
300 ## - الوصف المادى
التعداد 3 اجزاء :
تفاصيل ماديه اخرى للوعاء ايض ؛
أبعاد الوعاء 24 سم.
490 #0 - بيان السلسلة
عنوان السلسلة سلسلة علم النفس الاكلينيكى المعاصر
504 ## - تبصرة ببليوجرافية
تبصرة ببليوجرافية,الخ يشتمل على ارجاعات ببليوجرافية
650 07 - المدخل الاضافى بالموضوع-مصطلح موضوعى
مصدر الرأس أو المصطلح qrmak
مصطلح موضوعي علم النفس العلاجى
650 07 - المدخل الاضافى بالموضوع-مصطلح موضوعى
مصدر الرأس أو المصطلح qrmak
مصطلح موضوعي الجهاز العصبى
التقسيم الفرعي العام امراض
650 07 - المدخل الاضافى بالموضوع-مصطلح موضوعى
مصدر الرأس أو المصطلح qrmak
مصطلح موضوعي الطب النفسى
651 ## - المدخل الاضافى بالموضوع - اسم جغرافى
مصدر الرأس أو المصطلح qrmak
700 1# - المدخل الاضافى - اسم شخصى
الإسم الشخصى ريكر، جوزيف هـ.
الدور مؤلف مشارك
700 0# - المدخل الاضافى - اسم شخصى
الإسم الشخصى محمد نجيب احمد الصبوة
الدور مترجم ومراجع ومحرر
700 0# - المدخل الاضافى - اسم شخصى
الإسم الشخصى عماد محجوب
الدور مترجم
700 0# - المدخل الاضافى - اسم شخصى
الإسم الشخصى نشوة عبدالتواب
الدور مترجم مشارك
700 0# - المدخل الاضافى - اسم شخصى
الإسم الشخصى سعيد خضير
الدور مترجم مشارك
700 0# - المدخل الاضافى - اسم شخصى
الإسم الشخصى سهير الغباشى
الدور مترجم مشارك
942 ## - عناصر المدخل الإضافي( كوها)
مصدر التصنيف او مخطط الترفيف Dewey Decimal Classification
Koha [default] item type كتاب
260 ## - PUBLICATION, DISTRIBUTION, ETC. (IMPRINT)
-- القاهرة :
-- مكتبة الانجلو المصرية ،
Holdings
حالة التراجع حالة الفقد حالة تلف ليس للاعارة المكان المؤقت الموقع الحالى موقع الترفيف تاريخ الاكتساب اجمالي اﻻعارات رقم الطلب الباركود تاريخ اخر مشاهدة تاريخ تفعيل السعر نوع وعاء كوها
        مكتبة القاهرة الكبرى مكتبة القاهرة الكبرى   12/11/2018   616.89 / م م 165268 12/11/2018 12/11/2018 كتاب
        مكتبة القاهرة الكبرى مكتبة القاهرة الكبرى   08/07/2019   616.89 / م م 166379 08/07/2019 08/07/2019 كتاب
        مكتبة القاهرة الكبرى مكتبة القاهرة الكبرى   08/07/2019   616.89 / م م 166380 08/07/2019 08/07/2019 كتاب

Powered By

EGPV